[Event "Ferrol op 32th"]
[Site "Ferrol"]
[Date "2017.07.24"]
[Round "9"]
[White "Gonzalez Lopez, Manuel"]
[Black "Vilar Rodriguez, Miguel Angel"]
[Result "0-1"]
[WhiteElo "1847"]
[BlackElo "1638"]
[PlyCount "71"]
[EventDate "2017.07.16"]
[EventType "swiss"]
[EventRounds "9"]
[EventCountry "ESP"]
[SourceTitle "EXT 2024"]
[Source "ChessBase"]
[SourceDate "2023.10.10"]
[SourceVersion "1"]
[SourceVersionDate "2023.10.10"]
[SourceQuality "1"]

1. e4 c5 2. Nc3 e6 3. Nge2 d5 4. exd5 exd5 5. d4 Nc6 6. Be3 c4 7. g3 g6 8. Bg2 Nge7 9. Nf4 Be6 10. Nxe6 fxe6 11. Bf4 Bg7 12. Nb5 Qa5+ 13. Nc3 Nxd4 14. 0-0 0-0 15. Re1 Nec6 16. h4 h6 17. Rc1 Rae8 18. Qg4 Kh7 19. h5 gxh5 20. Qxh5 Qd8 21. a4 Rf5 22. Qh2 Ref8 23. Nd1 e5 24. Be3 Nf3+ 25. Bxf3 Rxf3 26. c3 Qd7 27. Kg2 Qg4 28. Rh1 R3f6 29. Bc5 R8f7 30. Qh5 Qe4+ 31. Kh2 Rf5 32. Qh4 Qf3 33. Kg1 Rg5 34. Qxg5 Rf5 35. Qh4 d4 36. Ne3 0-1

[Event "Ferrol op 32th"]
[Site "Ferrol"]
[Date "2017.07.22"]
[Round "7"]
[White "Gonzalez Lopez, Manuel"]
[Black "Lazarev, Vladimir"]
[Result "0-1"]
[WhiteElo "1847"]
[BlackElo "2417"]
[PlyCount "100"]
[EventDate "2017.07.16"]
[EventType "swiss"]
[EventRounds "9"]
[EventCountry "ESP"]
[SourceTitle "EXT 2024"]
[Source "ChessBase"]
[SourceDate "2023.10.10"]
[SourceVersion "1"]
[SourceVersionDate "2023.10.10"]
[SourceQuality "1"]

1. e4 c5 2. Nc3 a6 3. g3 b5 4. Bg2 Bb7 5. Nge2 e6 6. 0-0 b4 7. Na4 Nf6 8. d3 d5 9. e5 Nfd7 10. f4 Be7 11. c3 a5 12. d4 cxd4 13. cxd4 Nb6 14. Nxb6 Qxb6 15. f5 Nd7 16. fxe6 fxe6 17. Kh1 Ba6 18. Be3 Rf8 19. Rxf8+ Nxf8 20. Nf4 g6 21. Bh3 Rc8 22. Rc1 Rxc1 23. Qxc1 g5 24. Nh5 h6 25. Qc2 Kd7 26. Ng7 Qb5 27. Qf2 Qe2 28. Kg2 Qxf2+ 29. Kxf2 Bd3 30. Bc1 a4 31. a3 b3 32. Bg4 Bb5 33. Ke3 Bd8 34. Nh5 Ke7 35. Nf6 Kf7 36. Bh5+ Ng6 37. Ng4 Kg7 38. Nf2 Ne7 39. g4 Nc6 40. Nd3 Bb6 41. Nc5 Bxc5 42. dxc5 Nxe5 43. Bd2 Nc4+ 44. Kd3 Nxd2+ 45. Kxd2 d4 46. h3 e5 47. Ke1 e4 48. Kd2 e3+ 49. Ke1 d3 50. Kd1 Bc6 0-1

[Event "Ferrol op 31th"]
[Site "Ferrol"]
[Date "2016.07.26"]
[Round "8"]
[White "Varela Peteira, David"]
[Black "Gonzalez Lopez, Manuel"]
[Result "1/2-1/2"]
[WhiteElo "1647"]
[BlackElo "1852"]
[PlyCount "89"]
[EventDate "2016.07.18"]
[EventType "swiss"]
[EventRounds "9"]
[EventCountry "ESP"]
[SourceTitle "EXT 2024"]
[Source "ChessBase"]
[SourceDate "2023.10.10"]
[SourceVersion "1"]
[SourceVersionDate "2023.10.10"]
[SourceQuality "1"]

1. e4 e6 2. d4 d5 3. exd5 exd5 4. c4 Bb4+ 5. Nc3 Ne7 6. Bd3 dxc4 7. Bxc4 Nbc6 8. Nge2 Nf5 9. 0-0 Nfxd4 10. Nd5 Be6 11. Nxd4 Bxd5 12. Nxc6 bxc6 13. Qe2+ Qe7 14. Qg4 0-0 15. Bd3 Bd6 16. Bf4 Qf6 17. Bg5 Qe5 18. Qh4 h6 19. Be3 Rab8 20. Bxa7 Rb4 21. f4 Rxf4 22. Rxf4 Qxf4 23. Qxf4 Bxf4 24. Bd4 Rd8 25. Rf1 Bg5 26. b3 Bxb3 27. axb3 Rxd4 28. Bc4 Be3+ 29. Kh1 Rd7 30. g3 g6 31. Rf6 Kg7 32. Rxc6 Bb6 33. Be2 Rd2 34. Bf1 Rd1 35. Kg2 Rd2+ 36. Kh1 Rd1 37. Kg2 Rd2+ 38. Kh1 Rb2 39. Rc3 f5 40. Bd3 Kf6 41. Rc6+ Kg5 42. Bc2 Kg4 43. Kg2 g5 44. Rc4+ Kh5 45. Kf3 1/2-1/2

[Event "Ferrol op 31th"]
[Site "Ferrol"]
[Date "2016.07.21"]
[Round "4"]
[White "Gonzalez Lopez, Manuel"]
[Black "Rodriguez Serantes, Juan Francis"]
[Result "1-0"]
[WhiteElo "1852"]
[BlackElo "1100"]
[PlyCount "79"]
[EventDate "2016.07.18"]
[EventType "swiss"]
[EventRounds "9"]
[EventCountry "ESP"]
[SourceTitle "EXT 2024"]
[Source "ChessBase"]
[SourceDate "2023.10.10"]
[SourceVersion "1"]
[SourceVersionDate "2023.10.10"]
[SourceQuality "1"]

1. e4 c5 2. Nc3 d6 3. Nge2 a6 4. g3 g6 5. Bg2 Bg7 6. 0-0 Nf6 7. d4 cxd4 8. Nxd4 Bg4 9. Qd3 Nc6 10. Nxc6 bxc6 11. e5 Nd7 12. Bxc6 Rc8 13. Bxd7+ Bxd7 14. exd6 Bf5 15. Qxa6 0-0 16. dxe7 Qxe7 17. Bf4 Bxc2 18. Rfe1 Qd7 19. Be5 Bd3 20. Qd6 Qf5 21. Bxg7 Kxg7 22. Qe5+ Kg8 23. Qxf5 Bxf5 24. Nd5 Rc2 25. Ne7+ Kg7 26. Nxf5+ gxf5 27. Rab1 Kg6 28. Rec1 Re2 29. Kf1 Rfe8 30. Re1 R2e4 31. b4 Ra8 32. Rxe4 fxe4 33. Rb2 Kf5 34. b5 Ke6 35. b6 Kd7 36. b7 Rb8 37. Ke2 Kc7 38. Ke3 Rxb7 39. Rxb7+ Kxb7 40. Kxe4 1-0

[Event "Ferrol op 31th"]
[Site "Ferrol"]
[Date "2016.07.18"]
[Round "1"]
[White "Santos Latasa, Jaime"]
[Black "Gonzalez Lopez, Manuel"]
[Result "1-0"]
[WhiteElo "2541"]
[BlackElo "1852"]
[PlyCount "27"]
[EventDate "2016.07.18"]
[EventType "swiss"]
[EventRounds "9"]
[EventCountry "ESP"]
[SourceTitle "EXT 2024"]
[Source "ChessBase"]
[SourceDate "2023.10.10"]
[SourceVersion "1"]
[SourceVersionDate "2023.10.10"]
[SourceQuality "1"]

1. d4 Nf6 2. Nf3 c5 3. d5 b5 4. c4 bxc4 5. Nc3 d6 6. e4 Ba6 7. Bg5 Qa5 8. Bxf6 gxf6 9. Nd2 Bg7 10. Bxc4 f5 11. 0-0 fxe4 12. Ncxe4 Kf8 13. Qg4 Bxc4 14. Qc8+ 1-0

[Event "Gallego-ch U18"]
[Site "Viveiro"]
[Date "2016.02.06"]
[Round "2"]
[White "Gonzalez Lopez, Manuel"]
[Black "Rey Fernandez, Gael"]
[Result "0-1"]
[WhiteElo "1737"]
[BlackElo "1390"]
[PlyCount "86"]
[EventDate "2016.02.06"]
[EventType "swiss"]
[EventRounds "8"]
[EventCountry "ESP"]
[SourceTitle "EXT 2024"]
[Source "ChessBase"]
[SourceDate "2023.10.10"]
[SourceVersion "1"]
[SourceVersionDate "2023.10.10"]
[SourceQuality "1"]

1. d4 e6 2. c4 d5 3. Nc3 Nf6 4. cxd5 Nxd5 5. e4 Nf6 6. Bg5 Be7 7. Nf3 Nc6 8. Bd3 0-0 9. e5 Nd5 10. Bxe7 Qxe7 11. Nxd5 exd5 12. 0-0 h6 13. Qb3 Qe6 14. Rac1 Rb8 15. Rc5 Bd7 16. Rxd5 Ne7 17. Rc5 Qxb3 18. axb3 c6 19. Be4 Be6 20. b4 Rfc8 21. Rd1 b6 22. Rc3 Nd5 23. Bxd5 Bxd5 24. Nd2 a5 25. bxa5 bxa5 26. b3 Rb4 27. Rd3 Rcb8 28. h3 Bxb3 29. Nxb3 Rxb3 30. Re3 Rxe3 31. fxe3 a4 32. Ra1 Ra8 33. Kf2 Kf8 34. Ke2 Ke7 35. Kd3 Ke6 36. Kc4 a3 37. e4 a2 38. g4 g5 39. Kb3 f6 40. Rxa2 Rxa2 41. Kxa2 fxe5 42. Kb3 exd4 43. Kc4 c5 0-1